000 00259nam a22001217a 4500
999 _c11994
_d11994
082 _a332.45
100 _aRiehl, Heinz
245 _aForeign Exchange and Money Markets
260 _aUSA
_bPearson
_c1983
300 _a352
650 _aFinance
942 _cBK